Región de Polinesia - ¡Muerte súbita! - Estadísticas

Estadísticas generales
  • Esta prueba ha sido intentada 14 veces
  • La puntuación promedio es 5 de 16
Answers on the Grid
Answers color-coded by a green-red scale on the quiz's grid according to % correct below.
Polinesia Francesa
Samoa
Samoa Americana
Vanuatu
Tuvalu
Nueva Caledonia
Islas Pitcairn
Islas Marshall
Islas Salomón
Hawái
Indonesia
Papúa Nueva Guinea
Australia
Niue
Islas Cook
Isla Norfolk
Islas Pitcairn
Tokelau
Curazao
Nueva Zelanda
Kiribati
Atolón Palmira
Isla Wake
Isla Salas y Gómez
Isla de Pascua
Wallis y Futuna
Brazzaville
Molucca
Yakutia
Kalaallit Nunaat
 
Estadísticas de respuestas
Respuesta % Correcto
Polinesia Francesa
57%
Samoa
57%
Islas Cook
43%
Islas Pitcairn
43%
Samoa Americana
43%
Tuvalu
43%
Atolón Palmira
29%
Isla de Pascua
29%
Islas Pitcairn
29%
Kiribati
29%
Tokelau
29%
Wallis y Futuna
29%
Hawái
14%
Isla Salas y Gómez
14%
Niue
14%
Nueva Zelanda
14%
No se encontraron pruebas coincidentes
Distribución de puntuación
Porcentaje de gente con cada puntuación
Porcentaje por número respondido
Historial de tus puntuaciones
No has intentado esta prueba.